| 000 | 00830nam a2200253Ia 4500 | ||
|---|---|---|---|
| 003 | OSt | ||
| 005 | 20220926022332.0 | ||
| 006 | a|||||r|||| 00| 0 | ||
| 007 | ta | ||
| 008 | 220923b |||||||| |||| 00| 0 eng d | ||
| 037 | _cGeneral Book | ||
| 040 |
_aRTL _cRTL _beng |
||
| 041 |
_2eng _aeng |
||
| 082 | _aX9(D).1(X).N6, K9/UN | ||
| 110 |
_aUnited Nations Industrial Development Organization _9236254 |
||
| 245 | 0 |
_aIndustrialisation of Developing countries problems and prospects _b Engineering industry |
|
| 260 |
_aNew York _bUnited Nations U S A _c1969 |
||
| 300 |
_aviii,83p. _ccm. |
||
| 490 | _aUNIDO, Vienna | ||
| 650 |
_aEngineering _92968 |
||
| 700 |
_aUnited Nations Industrial Development Organization _9236255 |
||
| 942 |
_hX9(D).1(X).N6, K9/UN _cGB _2CC |
||
| 999 |
_c639199 _d639199 |
||